JETPUNK Debates - Statistics

General Stats
  • This quiz has been taken 89 times
  • The average score is 16 of 20
Answer Stats
Hint Answer % Correct
Is this country a continent or an island? Australia
97%
Is this island nation part of Europe or Asia? Cyprus
93%
Spain
87%
Do these European and African nations share a border? (2 answers) Morocco
85%
Myanmar
85%
The easternmost point and northernmost points of Asia being in this European country. Russia
85%
Which name should be used for this Southeast Asia nation? (2 answers) Burma
84%
Do these two European nations border one another on a Caribbean island? France
84%
Which of these is the capital of Israel? (2 answers) Jerusalem
84%
And my personal pet peeve, the incorrect usage of the word City in the name of this large US city. New York
84%
Does this African country's name begin with the letter C or D? Democratic Republic of the Congo
81%
Is this large city in Europe or Asia? Istanbul
80%
Netherlands
80%
Tel Aviv
79%
Do these two South Asia nations share a border or is it only at low tide? India
76%
Sri Lanka
73%
Are these four countries or only constituent parts of a larger sovereign nation? England
61%
Northern Ireland
61%
Scotland
61%
Wales
61%
No matching quizzes found
Score Distribution
Percent of People with Each Score
Percentile by Number Answered
Your Score History
You have not taken this quiz